La Eneida seguida de las bucólicas y geórgicas (Registro nro. 22220)

Detalles MARC
000 -ENCABEZADO
Número de control [NR] 00761nam a2200217Ia 4500
008 - DE LONGITUD FIJA DE DATOS DE ELEMENTOS - INFORMACIÓN GENERAL
Elementos de longitud fija [NR] 130821s1959 sp gr spa
040 ## - FUENTE DE CATALOGACION [NR]
Agencia de catalogación original [NR] Co-BoUCM
Idioma de catalogación [NR] spa
041 00 - CODIGO DE IDIOMA [R]
Código de idioma para texto/pista de sonido o título separado [R] Español
100 1# - ASIENTO PRINCIPAL--NOMBRE PERSONAL [NR]
Nombre personal [NR] Virgilio
245 13 - MENCION DE TITULO [NR]
Título [NR] La Eneida seguida de las bucólicas y geórgicas
Mención de responsabilidad, etc. [NR] Publio Virgilio Marón ; traducción del latin, prólogo y notas por Miguel Querol.
260 ## - PUBLICACION, DISTRIBUCION, ETC. (PIE DE IMPRENTA) [R]
Lugar de publicación, distribución, etc. [R] Barcelona (España)
Nombre del editor, distribuidor, etc. [R] Diamante
Fecha de publicación, distribución, etc. [R] 1959
300 ## - DESCRIPCION FISICA [R]
Extensión [R] 405 páginas
490 ## - MENCION DE SERIE [R]
Mención de serie [R] Obras Maestras
501 ## - NOTA DE “CON” [R]
Nota de “Con” [NR] Bucólicas y Geórgicas
650 04 - ASIENTO SECUNDARIO DE MATERIA - TERMINO TEMATICO [R]
Término temático o nombre geográfico como elemento de entrada [NR] Literatura Latina
9 (RLIN) 7796
650 04 - ASIENTO SECUNDARIO DE MATERIA - TERMINO TEMATICO [R]
Término temático o nombre geográfico como elemento de entrada [NR] Poesía épica latina
9 (RLIN) 21807
650 04 - ASIENTO SECUNDARIO DE MATERIA - TERMINO TEMATICO [R]
Término temático o nombre geográfico como elemento de entrada [NR] Poesía latina
9 (RLIN) 21826
700 1# - ASIENTO SECUNDARIO - NOMBRE PERSONAL [R]
Nombre personal [NR] Querol, Miquel
Fechas asociadas con el nombre [NR] 1912-2002
Término de relación [R]
942 ## - ELEMENTOS DE ENTRADA AGREGADOS (KOHA)
Tipo de ítem principal el descrito en 300a Libro
Tema principal Literatura
Edición 1
Parte restante de la signatura top. V816eb
Sistema de clasificación DEWEY
Clasificación 873.01
Título oculto en OPAC No
Existencias
Fecha de último préstamo Total préstamos Total Renewals Signatura topográfica Código de barras Última vez visto Ejemplar Price effective from Tipo de ítem Perdido Sistema de clasificación Dañado No prestable Tipo de ítem específico Suprimido Ubicación habitual Ubicación actual Localización Fecha de creación Forma de adquisición Costo
03/03/2017 11 3 873.01 V816eb 100004553 06/12/2025 Ej.1 03/02/2013 Libro   DEWEY     Libro   Claustro Claustro 2do piso 28/02/2003 Compra 300.00